000 00785cab a2200265 4500
001 ABS53485
008 090401t1995 xxu||||| |||| 00| 0 eng d
035 _a(Sirsi) u4621
041 _aeng
100 _aCirell, S.
245 _aMore than a matter of choice
260 _c1995
350 _a0
490 _aInside Housing
_v25 August 1995, 12-13(2)
520 _aExamines the selection and evaluation of bids for the compulsory competitive tendering of housing management.
650 _aCCT
650 _aCOMPULSORY COMPETITIVE TENDERING
650 _aHOUSING MANAGEMENT
650 _aLOCAL AUTHORITIES
650 _aTENDER EVALUATION
690 _aMANAGEMENT-BUSINESS MANAGEMENT-PROFESSIONAL PRACTICE
700 _aBennett, J.
942 _n0
948 _c04/03/1997
999 _c2798
_d2798